00452 a2200145 4500020001500000082001200015100001900027245006300046250001300109260004100122300002800163650001200191999001300203952009000216 a9814126438 a530 HAL aHalliday,David aStudent Solutions Manual Physics [Vol.1,2]cDavid Halliday a5th. ed. aIndia :bJohn wiley and sons,c2006. a393p. :bill. ;c23 cm. aphysics c578d578 00152ddc4070aNITbNITd0000-00-00o530 HALpNIT-6162 r2017-01-05w2017-01-05yBK